Welcome to CU Library Online Public Access Catalogue (OPAC)

THE COLLECTED WRITINGS OF W.E VINE (Record no. 7174)

MARC details
000 -LEADER
fixed length control field 00348nam a22001337a 4500
005 - DATE AND TIME OF LATEST TRANSACTION
control field 20250725134427.0
008 - FIXED-LENGTH DATA ELEMENTS--GENERAL INFORMATION
fixed length control field 250725b |||||||| |||| 00| 0 eng d
020 ## - INTERNATIONAL STANDARD BOOK NUMBER
International Standard Book Number REF BS511
Qualifying information .2 VIN
245 ## - TITLE STATEMENT
Title THE COLLECTED WRITINGS OF W.E VINE
250 ## - EDITION STATEMENT
Remainder of edition statement VOL 3
260 ## - PUBLICATION, DISTRIBUTION, ETC.
Place of publication, distribution, etc. NASHVILLE
Name of publisher, distributor, etc. THOMAS NELSON PUBISHERS
Date of publication, distribution, etc. c1996
300 ## - PHYSICAL DESCRIPTION
Extent 406p
942 ## - ADDED ENTRY ELEMENTS (KOHA)
Source of classification or shelving scheme Library of Congress Classification
Koha item type Books
Suppress in OPAC No
999 ## -
-- 7174
-- 7174
Holdings
Withdrawn status Lost status Source of classification or shelving scheme Damaged status Not for loan Collection Home library Current library Shelving location Date acquired Total checkouts Full call number Barcode Date last seen Copy number Price effective from Koha item type
    Library of Congress Classification     Reference Undergraduate Library (Christ Temple) Undergraduate Library (Christ Temple) General stacks 07/25/2025   REF BS511.2 VIN ulct00004173 07/25/2025 1 07/25/2025 Books
© 2023-2024 Copyright: Central University Libraries. All Rights Reserved | Created by: Mahone Tech Office